<?xml version="1.0" encoding="UTF-8"?><?xml-stylesheet type="text/xsl" href="static/style.xsl"?><OAI-PMH xmlns="http://www.openarchives.org/OAI/2.0/" xmlns:xsi="http://www.w3.org/2001/XMLSchema-instance" xsi:schemaLocation="http://www.openarchives.org/OAI/2.0/ http://www.openarchives.org/OAI/2.0/OAI-PMH.xsd"><responseDate>2026-04-14T13:55:53Z</responseDate><request verb="GetRecord" identifier="oai:uvadoc.uva.es:10324/51173" metadataPrefix="marc">https://uvadoc.uva.es/oai/request</request><GetRecord><record><header><identifier>oai:uvadoc.uva.es:10324/51173</identifier><datestamp>2022-01-10T21:52:37Z</datestamp><setSpec>com_10324_38</setSpec><setSpec>col_10324_852</setSpec></header><metadata><record xmlns="http://www.loc.gov/MARC21/slim" xmlns:doc="http://www.lyncode.com/xoai" xmlns:xsi="http://www.w3.org/2001/XMLSchema-instance" xmlns:dcterms="http://purl.org/dc/terms/" xsi:schemaLocation="http://www.loc.gov/MARC21/slim http://www.loc.gov/standards/marcxml/schema/MARC21slim.xsd">
<leader>00925njm 22002777a 4500</leader>
<datafield tag="042" ind1=" " ind2=" ">
<subfield code="a">dc</subfield>
</datafield>
<datafield tag="720" ind1=" " ind2=" ">
<subfield code="a">Sánchez Tabernero, Manuel</subfield>
<subfield code="e">author</subfield>
</datafield>
<datafield tag="260" ind1=" " ind2=" ">
<subfield code="c">2021</subfield>
</datafield>
<datafield tag="520" ind1=" " ind2=" ">
<subfield code="a">Este trabajo abarca el desarrollo de las universidades de Palencia, Salamanca y&#xd;
Valladolid ubicado en su contexto europeo. Veremos como el poder real y el poder&#xd;
eclesiástico, tanto a nivel local como papal, cooperan para llevar a cabo una de las obras&#xd;
culturales más transcendentales de la Edad Media. Todo esto focalizado en las&#xd;
universidades castellanas, donde haremos un recorrido histórico desde sus orígenes&#xd;
situados en sus colegios catedralicios hasta el Cisma de Aviñon y el cambio dinástico de&#xd;
los Trastámara.</subfield>
</datafield>
<datafield tag="520" ind1=" " ind2=" ">
<subfield code="a">This work covers the development of the universities of Palencia, Salamanca and&#xd;
Valladolid located in their European context. We will see how royal power and&#xd;
ecclesiastical power, both local and papal, cooperate to carry out one of the most&#xd;
transcendental cultural works of the Middle Ages. All this focused on the Castilian&#xd;
universities where we will make a historical journey from its origins located in its&#xd;
cathedral schools to the Schism of Avignon and the dynastic change of the Trastamara.</subfield>
</datafield>
<datafield tag="024" ind2=" " ind1="8">
<subfield code="a">https://uvadoc.uva.es/handle/10324/51173</subfield>
</datafield>
<datafield tag="245" ind1="0" ind2="0">
<subfield code="a">Génesis de las universidades en Castilla</subfield>
</datafield>
</record></metadata></record></GetRecord></OAI-PMH>